[Event "Catalunya-ch U20"]
[Site "Vila Seca"]
[Date "2010.03.31"]
[Round "1"]
[White "Porrras Mateo, Alejandra"]
[Black "Sanchez Ibern, Marc"]
[Result "0-1"]
[WhiteElo "1924"]
[BlackElo "2265"]
[PlyCount "124"]
[EventDate "2010.03.31"]
[EventType "swiss"]
[EventRounds "9"]
[EventCountry "ESP"]
[SourceTitle "CBM 135 Extra"]
[Source "ChessBase"]
[SourceDate "2010.05.04"]
[SourceVersion "1"]
[SourceVersionDate "2010.05.04"]
[SourceQuality "1"]

1. e4 e6 2. d4 b6 3. Nf3 Bb7 4. Bd3 c5 5. c3 Nf6 6. Qe2 Be7 7. Nbd2 Nc6 8. dxc5 Bxc5 9. Nf1 Qc7 10. Be3 Be7 11. h3 d6 12. Ng3 0-0 13. 0-0 Rfd8 14. Rad1 d5 15. Bb1 dxe4 16. Nxe4 Na5 17. Bc1 Bd5 18. Rfe1 Rac8 19. Nxf6+ Bxf6 20. Ng5 h6 21. Ne4 Be5 22. Qh5 Bf4 23. Qh4 Bxc1 24. Rxc1 Kf8 25. Rc2 Qe7 26. Qxe7+ Kxe7 27. Ng3 Bc4 28. Nf1 Bd3 29. Rd2 Bxf1 30. Rxd8 Rxd8 31. Kxf1 Rd2 32. b3 Rb2 33. f3 Kf6 34. b4 Nc4 35. Bd3 Na3 36. Re2 Rxe2 37. Kxe2 Ke5 38. Ke3 Kd5 39. f4 Nc4+ 40. Ke2 f6 41. g4 e5 42. fxe5 fxe5 43. Kf3 Nd6 44. Ke3 g5 45. Bh7 Kc4 46. Kd2 Kb5 47. Kd3 Ka4 48. Bg8 Ka3 49. Be6 b5 50. Bd5 Kb2 51. Be6 e4+ 52. Kd4 e3 53. Kxe3 Kxc3 54. a3 a6 55. Bd5 Nc4+ 56. Ke4 Nxa3 57. Kf5 Kxb4 58. Kg6 Nc4 59. Kxh6 a5 60. Kxg5 a4 61. Be4 a3 62. Bb1 Kb3 0-1